Introduction to Sociology/ (Record no. 34593)

MARC details
000 -LEADER
fixed length control field 00496nam a2200181Ia 4500
005 - DATE AND TIME OF LATEST TRANSACTION
control field 20240809105850.0
008 - FIXED-LENGTH DATA ELEMENTS--GENERAL INFORMATION
fixed length control field 231019s9999 xx 000 0 und d
020 ## - INTERNATIONAL STANDARD BOOK NUMBER
ISBN 148-2009015877
082 ## - DEWEY DECIMAL CLASSIFICATION NUMBER
Classification number 332.1
Item number HAM-I
100 ## - MAIN ENTRY--AUTHOR
Author Name Abdul, Hamid Taga
245 #3 - TITLE STATEMENT
Title Introduction to Sociology/
Statement of responsibility, etc. Abdul Hamid Taga
260 ## - PUBLICATION, DISTRIBUTION, ETC.
Place of Publication Lahore, Pakistan;
Name of publisher, distributor, etc. Imtiaz Book Depot;
Date of publication, distribution, etc. 2009.
300 ## - PHYSICAL DESCRIPTION
Pages xiii, 437 p.:
650 ## - SUBJECT ADDED ENTRY--TOPICAL TERM
Subject / Department Sociology
700 ## - ADDED ENTRY--PERSONAL NAME
Personal name Abdul Aziz Taga
300 ## - PHYSICAL DESCRIPTION
-- ill;
-- 23.5 cm.
952 ## - LOCATION AND ITEM INFORMATION (KOHA)
-- 0
-- 0
Holdings
Lost status Damaged status Collection code Permanent Location Current Location Shelving Location Date acquired Full Call Number Accession No./Barcode Date last seen item type Koha item type
    Science Superior Information Resource Center (SIRC) Superior University - City Campus Superior Information Resource Center (SIRC) Superior University - City Campus Economics 10/19/2023 332.1 HAM-I 2009 28142 11/30/2023 BOOK BOOK

Powered by Koha